Príprava a charakterizácia polyetylénových kompozitov plnených biodegradovateľným plnivom
Guardado en:
| Autor principal: | |
|---|---|
| Otros Autores: | |
| Formato: | Manuscrito Libro |
| Lenguaje: | eslovaco |
| Publicado: |
2017
|
| Materias: | |
| Acceso en línea: | http://is.stuba.sk/zp/portal_zp.pl?podrobnosti=126806 |
| Etiquetas: |
Sin Etiquetas, Sea el primero en etiquetar este registro!
|
MARC
| LEADER | 00000ntm a22000003a 4500 | ||
|---|---|---|---|
| 001 | stuzp60383 | ||
| 003 | SK-STU | ||
| 005 | 20170624210914.7 | ||
| 007 | ta | ||
| 008 | 150427s2015----xo-----f-mn---000-0-slo-d | ||
| 040 | |a STU |b slo | ||
| 041 | 0 | |a slo | |
| 100 | 1 | |a Fečková, Andrea |u 020050 |4 aut |U SjF Strojnícka fakulta |T SjF Ústav technológií a materiálov |X 69896 |U J0050 |Y 803 |7 A000069896 | |
| 242 | 0 | 1 | |a Preparation and characterisation of polyethylene composites filled with biodegradable filler |y eng |
| 245 | 1 | 0 | |a Príprava a charakterizácia polyetylénových kompozitov plnených biodegradovateľným plnivom |
| 260 | |c 2017 | ||
| 650 | 4 | |a polyetylén |2 slo | |
| 650 | 4 | |a kompozit |2 slo | |
| 650 | 4 | |a degradácia |2 slo | |
| 650 | 4 | |a composite |2 eng | |
| 650 | 4 | |a degradation |2 eng | |
| 650 | 4 | |a polyethylene |2 eng | |
| 700 | 1 | |a Špitalský, Zdenko |4 ths |X 45506 |7 45506 | |
| 856 | 4 | |u http://is.stuba.sk/zp/portal_zp.pl?podrobnosti=126806 | |
| 996 | |b 284J045342 |c J* 2812/DDP |l JJSK |s A |a 24 |w stuzp60383_0001 | ||